000 00436nam a2200157 i 4500
001 52413
003 ES-MaACL
005 20230906162557.0
007 t|
008 030829s19161917no ||||1| spa d
100 1 _aChávez, Manuel A.
_938281
245 1 0 _aAnahuac
_b: poema épico /
_cpor Manuel A. Chávez.
260 _aCristiania :
_bDet Mallinyske Brogtrykkeri,
_c1916-17.
300 _a3 foll.
852 _aES-MaACL
_j1571-F-8 a 10
999 _c52413
_d52413